000 01023nam a2200253Ia 4500
003 OSt
005 20220923223338.0
006 a|||||r|||| 00| 0
007 ta
008 220922b |||||||| |||| 00| 0 hin d
024 _a213,713
037 _cTextual
040 _aARTS
_cARTS
_bhin
041 _2hin
_ahin
082 _aO152,3M89:g, M9
100 _aशतपंथी, अर्जुन; साहा, मधुसूदन; प्रसाद, जयशंकर, संपा.
_9167308
245 0 _aपरिप्रक्ष्य एवं परिदृश्य
246 _aPariprakṣhya evan paridṛushya
260 _aदिल्ली
_b पराग प्रका0
_c1989
300 _a216 पृ.
_ccm.
650 _aहिन्दी साहित्य
_9156264
942 _hO152,3M89:g, M9
_cTEXL
_2CC
999 _c363921
_d363921